[Event "Foxwoods op 16th"]
[Site "Ledyard"]
[Date "2024.03.30"]
[Round "7"]
[White "Venkatesh, Narayan"]
[Black "Ji, Yunze Owen"]
[Result "1/2-1/2"]
[WhiteElo "2033"]
[BlackElo "2004"]
[PlyCount "98"]
[EventDate "2024.03.27"]
[EventType "swiss"]
[EventRounds "9"]
[EventCountry "USA"]
[SourceTitle "CB14_2024"]
[SourceDate "2024.04.01"]
[SourceVersion "1"]
[SourceVersionDate "2024.04.01"]
[SourceQuality "1"]

1. d4 Nf6 2. c4 g6 3. Nc3 d5 4. cxd5 Nxd5 5. e4 Nxc3 6. bxc3 Bg7 7. Bc4 c5 8. Ne2 Nc6 9. Be3 0-0 10. 0-0 b6 11. Rc1 Bb7 12. Bb5 Na5 13. f3 a6 14. Bd3 Rc8 15. Qd2 e6 16. Rfd1 Qd7 17. Qb2 cxd4 18. cxd4 b5 19. Qd2 Rxc1 20. Rxc1 Nc6 21. Bb1 Rd8 22. Rd1 Qd6 23. Qe1 b4 24. Qh4 a5 25. Kf2 Ba6 26. d5 Ne5 27. Bc2 Bxe2 28. Kxe2 Rc8 29. Bb1 exd5 30. Rxd5 Qa6+ 31. Kf2 Bf6 32. Qf4 Nc4 33. Bd3 Qe6 34. Bxc4 Rxc4 35. Rxa5 Rc2+ 36. Kg3 Rxa2 37. Rxa2 Be5 38. Ra8+ Kg7 39. Bd4 Bxd4 40. Qd2 Qd6+ 41. f4 b3 42. Ra4 b2 43. Qb4 Bf2+ 44. Kxf2 Qxf4+ 45. Ke2 Qc1 46. Qd4+ Kh6 47. Rb4 b1Q 48. Rxb1 Qxb1 49. Qe3+ Kg7 1/2-1/2

[Event "PNWCC Super G60 Jan Gp2"]
[Site "Chess.com INT"]
[Date "2021.01.16"]
[Round "3"]
[White "Ji, Yunze Owen"]
[Black "Yu, Jiangwei"]
[Result "1-0"]
[WhiteElo "1553"]
[BlackElo "2243"]
[PlyCount "107"]
[EventDate "2021.01.16"]
[EventType "swiss"]
[EventRounds "6"]
[EventCountry "USA"]
[SourceTitle "CBM 200 Extra"]
[Source "ChessBase"]
[SourceDate "2021.03.31"]
[SourceVersion "1"]
[SourceVersionDate "2021.03.31"]
[SourceQuality "1"]

1. d4 Nf6 2. c4 e6 3. g3 Bb4+ 4. Bd2 a5 5. Bg2 0-0 6. Nf3 d6 7. 0-0 Bxd2 8. Qxd2 Nbd7 9. Nc3 e5 10. dxe5 dxe5 11. Rad1 Re8 12. Nh4 Qe7 13. Nf5 Qb4 14. Qg5 Qf8 15. Nb5 Nc5 16. Nxc7 Ne6 17. Nxe6 Bxe6 18. Nd6 Re7 19. c5 e4 20. Nxe4 Nxe4 21. Bxe4 Bxa2 22. Qf5 g6 23. Qf3 Rb8 24. Rd4 Re5 25. b3 Qxc5 26. Ra4 Rbe8 27. Bxb7 Rf5 28. Qd3 Qb6 29. Be4 Rfe5 30. Bxg6 Qxg6 31. Rxa2 Qxd3 32. exd3 Rd8 33. Rd1 Red5 34. d4 Rb8 35. Rd3 Rb4 36. f4 Kg7 37. Kf2 Rdxd4 38. Rxd4 Rxd4 39. Rxa5 Rd2+ 40. Ke3 Rxh2 41. b4 Rb2 42. b5 h5 43. Kd4 Rb3 44. Kc5 Rxg3 45. b6 Rc3+ 46. Kd6 Kg6 47. Rg5+ Kh6 48. b7 Rb3 49. Kc6 Rxb7 50. Kxb7 f6 51. Rg1 h4 52. Kc6 Kh5 53. Kd6 h3 54. Ke6 1-0

[Event "PNWCC Thanksgiving op"]
[Site "Chess.com INT"]
[Date "2020.11.27"]
[Round "1"]
[White "Sarkar, Justin"]
[Black "Ji, Yunze Owen"]
[Result "1-0"]
[WhiteElo "2374"]
[BlackElo "1553"]
[PlyCount "65"]
[EventDate "2020.11.27"]
[EventType "swiss (rapid)"]
[EventRounds "9"]
[EventCountry "USA"]
[SourceTitle "CBM 199 Extra"]
[Source "ChessBase"]
[SourceDate "2021.01.31"]
[SourceVersion "1"]
[SourceVersionDate "2021.01.31"]
[SourceQuality "1"]

1. d4 Nf6 2. c4 g6 3. Nf3 Bg7 4. Nc3 d5 5. e3 0-0 6. b4 a5 7. b5 dxc4 8. Bxc4 Nbd7 9. 0-0 Nb6 10. Bb3 Bg4 11. h3 Bxf3 12. Qxf3 Qc8 13. a4 c5 14. bxc6 bxc6 15. Ba3 Qd7 16. Rfc1 Nbd5 17. Ne2 Rab8 18. Rab1 Rfc8 19. e4 Nb4 20. Rc5 Qa7 21. Bxb4 Rxb4 22. e5 Nd5 23. Rbc1 e6 24. Bxd5 exd5 25. Rxc6 Rxc6 26. Rxc6 Qd7 27. Rd6 Qxa4 28. Rd8+ Bf8 29. Qxd5 Qd1+ 30. Kh2 Rb1 31. Qd6 Qh1+ 32. Kg3 Rb3+ 33. f3 1-0

[Event "PNWCC Online Masters Artist Point"]
[Site "Chess.com INT"]
[Date "2020.09.05"]
[Round "1"]
[White "Ji, Yunze Owen"]
[Black "Yoo, Christopher Woojin"]
[Result "0-1"]
[WhiteElo "1553"]
[BlackElo "2455"]
[PlyCount "178"]
[EventDate "2020.09.05"]
[EventType "swiss"]
[EventRounds "9"]
[EventCountry "USA"]
[SourceTitle "CBM 198 Extra"]
[Source "ChessBase"]
[SourceDate "2020.11.30"]
[SourceVersion "1"]
[SourceVersionDate "2020.11.30"]
[SourceQuality "1"]

1. d4 e6 2. c4 b6 3. e4 Bb7 4. Bd3 Bb4+ 5. Bd2 Bxd2+ 6. Qxd2 Qh4 7. Nc3 f5 8. Nf3 Qg4 9. 0-0-0 fxe4 10. Ne5 Qh4 11. g3 Qe7 12. Bxe4 Bxe4 13. Nxe4 Nf6 14. Nxf6+ Qxf6 15. f4 Nc6 16. d5 Nxe5 17. fxe5 Qg6 18. d6 Rc8 19. Rhf1 cxd6 20. b3 d5 21. Kb2 Rc5 22. Rf4 Ke7 23. b4 Rc6 24. cxd5 exd5 25. Qxd5 Qe6 26. Qxe6+ Rxe6 27. Rdf1 Rh6 28. Rf7+ Ke6 29. Rxg7 Rxh2+ 30. Kb3 Rg2 31. Rg5 Re8 32. Rf6+ Ke7 33. Rg7+ Kd8 34. Rff7 Rd2 35. Rf5 h6 36. Rh7 Rg8 37. Rf3 Rg6 38. Rhf7 Rd4 39. R7f6 Rgg4 40. R6f4 Ke7 41. Rxd4 Rxd4 42. Rf6 h5 43. Rh6 Rg4 44. Rxh5 Rxg3+ 45. Kc4 Ke6 46. a4 Rg4+ 47. Kb3 Re4 48. a5 bxa5 49. bxa5 Kd5 50. e6+ Kxe6 51. Rh6+ Kd5 52. Ra6 Re3+ 53. Kb4 Re4+ 54. Kc3 Rc4+ 55. Kb3 Rc7 56. Rh6 Rb7+ 57. Kc3 Kc5 58. Rh5+ d5 59. Rh8 d4+ 60. Kd3 Rb3+ 61. Kc2 Rc3+ 62. Kd2 Ra3 63. Rc8+ Kb5 64. Rd8 Kc5 65. Rc8+ Kd5 66. Rd8+ Ke5 67. Re8+ Kf4 68. Rf8+ Ke4 69. Re8+ Kd5 70. Rd8+ Kc4 71. Rc8+ Kb3 72. Rd8 Ra2+ 73. Kd3 Rxa5 74. Rxd4 Rb5 75. Kd2 Kb2 76. Ra4 a5 77. Rd4 Rb4 78. Rd5 a4 79. Kd1 a3 80. Rd2+ Kb1 81. Rd3 a2 82. Rc3 Rd4+ 83. Ke2 a1Q 84. Rb3+ Kc2 85. Rd3 Qa6 86. Kf2 Rxd3 87. Ke1 Qf6 88. Ke2 Qf3+ 89. Ke1 Rd1# 0-1

[Event "PNWCC Online Masters WOO"]
[Site "Chess.com INT"]
[Date "2020.07.05"]
[Round "6.48"]
[White "Ji, Yunze Owen"]
[Black "Ho, Cooper"]
[Result "1/2-1/2"]
[WhiteElo "1553"]
[BlackElo "1663"]
[PlyCount "104"]
[EventDate "2020.07.04"]
[EventType "swiss (rapid)"]
[EventRounds "9"]
[EventCountry "USA"]
[SourceTitle "CBM 197 Extra"]
[Source "ChessBase"]
[SourceDate "2020.09.30"]
[SourceVersion "1"]
[SourceVersionDate "2020.09.30"]
[SourceQuality "1"]

1. Nf3 d5 2. d4 Nf6 3. c4 c6 4. Qb3 dxc4 5. Qxc4 Bf5 6. g3 e6 7. Bg2 Be7 8. 0-0 0-0 9. e3 Nbd7 10. Rd1 Ne4 11. Ne1 Nd6 12. Qe2 Bg6 13. e4 f6 14. Nc3 e5 15. d5 Qc7 16. f4 Bf7 17. Be3 Rfe8 18. Rac1 Qa5 19. f5 Rac8 20. a3 cxd5 21. Nxd5 Rxc1 22. Bxc1 Bf8 23. Bd2 Qd8 24. Be3 Bxd5 25. Rxd5 Nb6 26. Rd1 Qc7 27. Rc1 Qf7 28. Bxb6 axb6 29. Bf1 g6 30. g4 Qd7 31. Qd2 Rd8 32. Rd1 Qc6 33. Qd5+ Qxd5 34. Rxd5 Rc8 35. Bd3 Kf7 36. Kf2 Ke7 37. Nc2 Bh6 38. Ne3 Bxe3+ 39. Kxe3 Nc4+ 40. Bxc4 Rxc4 41. Rb5 Rc6 42. Kd3 Rd6+ 43. Kc3 Kd7 44. fxg6 hxg6 45. h4 Kc6 46. Rb4 Rd1 47. Rc4+ Kd7 48. Rb4 Kc7 49. Rc4+ Kb8 50. Rb4 Kc7 51. Rc4+ Kb8 52. Rb4 Kc7 1/2-1/2

[Event "PNWCC Online Masters WOO"]
[Site "Chess.com INT"]
[Date "2020.07.05"]
[Round "5.48"]
[White "Kondakov, Adrian"]
[Black "Ji, Yunze Owen"]
[Result "1-0"]
[WhiteElo "1986"]
[BlackElo "1553"]
[PlyCount "71"]
[EventDate "2020.07.04"]
[EventType "swiss (rapid)"]
[EventRounds "9"]
[EventCountry "USA"]
[SourceTitle "CBM 197 Extra"]
[Source "ChessBase"]
[SourceDate "2020.09.30"]
[SourceVersion "1"]
[SourceVersionDate "2020.09.30"]
[SourceQuality "1"]

1. e4 c6 2. d4 d5 3. exd5 cxd5 4. Nf3 Nc6 5. Bb5 Qa5+ 6. Nc3 Bg4 7. 0-0 e6 8. h3 Bxf3 9. Qxf3 Nf6 10. Bg5 Be7 11. Bd3 Nxd4 12. Qf4 Nc6 13. Rfe1 0-0-0 14. Qc1 d4 15. Nb5 Rd5 16. a4 h6 17. Bf4 e5 18. Bd2 Bb4 19. c3 dxc3 20. bxc3 Rxd3 21. cxb4 Qd8 22. Nxa7+ Kb8 23. Nxc6+ bxc6 24. Be3 Qd7 25. Qc4 Rd8 26. b5 Qd5 27. Qb4 c5 28. Bxc5 Rd7 29. Be3 Ne4 30. b6 f5 31. Qf8+ Kb7 32. a5 Ka6 33. Qc8+ Rb7 34. Qa8+ Kb5 35. Reb1+ Kc6 36. a6 1-0

[Event "PNWCC Online Masters WOO"]
[Site "Chess.com INT"]
[Date "2020.07.04"]
[Round "1.46"]
[White "Nguyen, Duc Hoa"]
[Black "Ji, Yunze Owen"]
[Result "1-0"]
[WhiteElo "2406"]
[BlackElo "1553"]
[PlyCount "43"]
[EventDate "2020.07.04"]
[EventType "swiss (rapid)"]
[EventRounds "9"]
[EventCountry "USA"]
[SourceTitle "CBM 197 Extra"]
[Source "ChessBase"]
[SourceDate "2020.09.30"]
[SourceVersion "1"]
[SourceVersionDate "2020.09.30"]
[SourceQuality "1"]

1. d4 Nf6 2. c4 g6 3. Nf3 Bg7 4. g3 d5 5. cxd5 Nxd5 6. Bg2 0-0 7. 0-0 Nb6 8. Nc3 Nc6 9. d5 Na5 10. e4 c6 11. Bf4 Nac4 12. b3 e5 13. Bg5 f6 14. Bc1 cxd5 15. bxc4 dxe4 16. Nd2 f5 17. Ba3 Rf7 18. c5 Rd7 19. Qb3+ Kh8 20. Rad1 Nd5 21. Ndxe4 Nxc3 22. Nxc3 1-0

[Event "PNWCC Online Masters WOO"]
[Site "Chess.com INT"]
[Date "2020.07.04"]
[Round "3.45"]
[White "Sairam, Pranav"]
[Black "Ji, Yunze Owen"]
[Result "1/2-1/2"]
[WhiteElo "1810"]
[BlackElo "1553"]
[PlyCount "81"]
[EventDate "2020.07.04"]
[EventType "swiss (rapid)"]
[EventRounds "9"]
[EventCountry "USA"]
[SourceTitle "CBM 197 Extra"]
[Source "ChessBase"]
[SourceDate "2020.09.30"]
[SourceVersion "1"]
[SourceVersionDate "2020.09.30"]
[SourceQuality "1"]

1. e4 c6 2. d4 d5 3. exd5 cxd5 4. Bd3 Nc6 5. c3 Nf6 6. Bf4 Bg4 7. Qb3 e5 8. dxe5 Nh5 9. Be3 Nxe5 10. Bb5+ Nc6 11. Qa4 Qc8 12. h3 Be6 13. Nf3 Bd6 14. 0-0 0-0 15. Qh4 Nf6 16. Bd3 Bf5 17. Bxf5 Qxf5 18. Nbd2 h5 19. Qa4 Ne4 20. Qb5 Ne7 21. Nd4 Qg6 22. Nxe4 dxe4 23. Qxb7 Rfb8 24. Qd7 Nd5 25. Rab1 Nxe3 26. fxe3 Qg3 27. Qxf7+ Kh8 28. Qxh5+ Kg8 29. Qd5+ Kh8 30. Qh5+ Kg8 31. Qf7+ Kh8 32. Rf5 g6 33. Ne6 gxf5 34. Qf6+ Kg8 35. Ng5 Rb7 36. Qg6+ Rg7 37. Qe6+ Kh8 38. Qh6+ Kg8 39. Qe6+ Kh8 40. Qh6+ Kg8 41. Qe6+ 1/2-1/2